| 000 | 01256cam a2200349 a 4500 | ||
|---|---|---|---|
| 001 | 17409407 | ||
| 003 | OSt | ||
| 005 | 20240213124005.0 | ||
| 008 | 120731m20119999cc ab 000 0 chi | ||
| 010 | _a 2012425251 | ||
| 020 | _a9787561836941 | ||
| 040 |
_aDLC _cDLC |
||
| 041 | 0 |
_achi _aeng |
|
| 042 | _apcc | ||
| 043 | _aa-cc--- | ||
| 050 | 0 | 0 |
_aNA7448 _b.A15 2011 |
| 066 | _c$1 | ||
| 082 |
_a712 _bHUN |
||
| 245 | 0 | 0 |
_6880-01 _a100 top houses & landscapes = _b100 ge zui hao de lou pan yu jing guan |
| 246 | 3 | 1 | _a100 top houses & landscapes |
| 246 | 1 | 0 | _aHundred top houses & landscapes. |
| 250 |
_6880-02 _aDi 1 ban. |
||
| 260 |
_6880-03 _aBeijing : _bTianjin university press, _c2010. |
||
| 300 |
_a533 p.: _bill. (chiefly col.), maps (chiefly col.) ; _c38 cm. |
||
| 546 | _aChinese and English. | ||
| 650 | 0 |
_aArchitecture, Domestic _zChina _vDesigns and plans. _9120330 |
|
| 650 | 0 |
_aLandscape design _zChina. _9120331 |
|
| 880 | 0 | 0 |
_a100 个最好的楼盘与景观 = _b100 top houses & landscapes / |
| 906 |
_a7 _bcbc _corignew _d3 _encip _f20 _gy-nonroman |
||
| 942 |
_2ddc _cBK _aSADA _k712 HUN 2010 |
||
| 999 |
_c607683 _d607683 |
||